The Journal of the Chartered Surveyors' Institution (Record no. 119122)
[ view plain ]
| 000 -LEADER | |
|---|---|
| fixed length control field | 00759cas a22002055a 4500 |
| 001 - CONTROL NUMBER | |
| control field | L139766 |
| 008 - FIXED-LENGTH DATA ELEMENTS--GENERAL INFORMATION | |
| fixed length control field | 070807d19381945xxkqr p 0 a0eng u |
| 035 ## - SYSTEM CONTROL NUMBER | |
| System control number | (Sirsi) u139766 |
| 041 0# - LANGUAGE CODE | |
| Language code of text/sound track or separate title | eng |
| 110 2# - MAIN ENTRY--CORPORATE NAME | |
| Corporate name or jurisdiction name as entry element | Chartered Surveyors' Institution |
| 9 (RLIN) | 2274 |
| 245 04 - TITLE STATEMENT | |
| Title | The Journal of the Chartered Surveyors' Institution |
| Remainder of title | Scottish Supplement |
| 260 ## - PUBLICATION, DISTRIBUTION, ETC. | |
| Place of publication, distribution, etc. | London |
| Name of publisher, distributor, etc. | Chartered Surveyors' Institution |
| Date of publication, distribution, etc. | 1938-1945 |
| 362 0# - DATES OF PUBLICATION AND/OR SEQUENTIAL DESIGNATION | |
| Dates of publication and/or sequential designation | London: 1(1) January 1938-8(4) October 1945 |
| 362 0# - DATES OF PUBLICATION AND/OR SEQUENTIAL DESIGNATION | |
| Dates of publication and/or sequential designation | Edinburgh: 1(1) January 1938-8(4) October 1945 |
| 554 ## - | |
| -- | Four per year |
| 651 #4 - SUBJECT ADDED ENTRY--GEOGRAPHIC NAME | |
| Geographic name | Scotland |
| Chronological subdivision | 1999- |
| 690 ## - LOCAL SUBJECT ADDED ENTRY--TOPICAL TERM (OCLC, RLIN) | |
| Topical term or geographic name as entry element | MANAGEMENT-BUSINESS MANAGEMENT-PROFESSIONAL PRACTICE |
| 785 00 - SUCCEEDING ENTRY | |
| Title | Journal of the Royal Institution of Chartered Surveyors |
| Edition | Scottish Supplement |
| 942 ## - ADDED ENTRY ELEMENTS (KOHA) | |
| Suppress in OPAC | 0 |
| Withdrawn status | Lost status | Source of classification or shelving scheme | Damaged status | Not for loan | Home library | Current library | Shelving location | Date acquired | Total Checkouts | Full call number | Barcode | Date last seen | Price effective from | Koha item type |
|---|---|---|---|---|---|---|---|---|---|---|---|---|---|---|
| Dewey Decimal Classification | London | London | Basement | 07/08/2007 | SCOTTISH CHARTERED SURVEYOR | 139766-1001 | 06/08/2019 | 06/08/2019 | Journal |